Only Way Out IS Within: (Record no. 326102)

MARC details
000 -LEADER
fixed length control field 00523nam a2200169Ia 4500
008 - FIXED-LENGTH DATA ELEMENTS--GENERAL INFORMATION
fixed length control field 230718s9999 xx 000 0 und d
020 ## - INTERNATIONAL STANDARD BOOK NUMBER
International Standard Book Number 9788189988241
041 ## - LANGUAGE CODE
Language code of text/sound track or separate title eng
082 ## - DEWEY DECIMAL CLASSIFICATION NUMBER
Classification number 158.1
Item number SIN
100 ## - MAIN ENTRY--PERSONAL NAME
Personal name Singh R.
9 (RLIN) 112632
245 ## - TITLE STATEMENT
Title Only Way Out IS Within:
Remainder of title Clear Your Energy System And Keep Yourself Emotionally And Physically Healthy
260 ## - PUBLICATION, DISTRIBUTION, ETC. (IMPRINT)
Date of publication, distribution, etc. 2009
Name of publisher, distributor, etc. Hay House Pub.
300 ## - PHYSICAL DESCRIPTION
Extent 258
365 ## - TRADE PRICE
Currency code Rs.
Price amount 195.00
700 ## - ADDED ENTRY--PERSONAL NAME
Personal name Singh R.
9 (RLIN) 112632
906 ## - LOCAL DATA ELEMENT F, LDF (RLIN)
d O:0120427-Oct-2010B:559227-Oct-2010
c GENRL
b 48.75
Holdings
Withdrawn status Lost status Damaged status Not for loan Home library Current library Date acquired Vendor Budget Code Cost, normal purchase price Bill number Total Checkouts Full call number Barcode Date last seen Date last checked out Discount Cost, replacement price Bill Date Koha item type Original Barcode
        Cummins College of Engineering for Women Pune Cummins College of Engineering for Women Pune 27/10/2010 Tbs GENRL 146.25 5592 2 158.1 CCEP-BK-37309 13/12/2025 26/11/2025 48.75 195.00 27/10/2010 Books 037309